Todas las Selecciones de la FIFA con menos de 1 millón de habitantes. - Estadísticas

Estadísticas generales
  • Esta prueba ha sido intentada 28 veces
  • La puntuación promedio es 7 de 15
Estadísticas de respuestas
Continente País % Correcto
Oceanía Fiyi
75%
América del Sur Guyana
75%
África Cabo Verde
63%
América del Sur Surinam
63%
Amércia del Norte Bahamas
58%
Europa Luxemburgo
58%
America del Norte Belice
46%
África Comoras
46%
Oceanía Islas Salomon
46%
Asia Butan
42%
Europa Malta
33%
África Yibuti
33%
Asia Brunei
25%
Asia Macao
21%
Europa Montenegro
21%
No se encontraron pruebas coincidentes
Distribución de puntuación
Porcentaje de gente con cada puntuación
Porcentaje por número respondido
Historial de tus puntuaciones
No has intentado esta prueba.